| 000 | 00835nam a22002297a 4500 | ||
|---|---|---|---|
| 003 | BUBTL | ||
| 008 | 240502b ||||| |||| 00| 0 eng d | ||
| 020 | _a9788196378974 | ||
| 041 | _aeng | ||
| 082 | _a332.473/ G552f/ 2023 | ||
| 100 |
_95823 _aGoel, Sandeep |
||
| 245 |
_aFinancial Markets, Financial Institutions and Financial Services / _cSandeep Goel |
||
| 250 | _a2nd ed | ||
| 260 |
_aDelhi: _bPHI Learning Private Limited, _cc2023 |
||
| 300 |
_axxxii, 568 p.: _c24 cm. |
||
| 500 | _aIncludes Index | ||
| 505 | _aFinancial Markets, Financial Institutions and Financial Services, Financial System, Banking: Products, Services and Functioning, Risk Management in Banks, Non Banking Financial Companies | ||
| 650 | 0 |
_918 _aFinance |
|
| 856 |
_k0 _l0 _yDownload |
||
| 942 |
_2ddc _cBK |
||
| 999 |
_c7312 _d7312 |
||